000 00558nam a22001937a 4500
003 LK-CoMWRAF
005 20230920152929.0
008 230920b1991 |||||||| |||| 00| 0 eng d
040 _aLK-CoMWRAF
_dLK-CoMWRAF
_eLK-CoMWRAF
082 _a297.197
_bCHA
100 _a Chaudhry, Muhammad Sharif
245 _aWomen's Rights in Islam
260 _aDelhi:
_bAdam Publishers,
_c1991
300 _axiv, 204 p. ; 22 cm
650 _aWOMEN'S RIGHTS-Religious aspects-Islam
650 _aMuslim women -- Conduct of life
650 _aWomen in Islam
942 _cBK
999 _c3576
_d3576